000 00632nam a2200205 i 4500
001 115155
003 ES-MaACL
005 20250918183855.0
007 t|
008 070223s1911 sp ||||1| spa d
100 1 _aLópez Pinillos, José.
_973892
245 1 3 _aEl ladronzuelo /
_cJ. López Pinillos (Parmeno) ; ilustraciones de Agustín.
260 _aMadrid :
_bEl Cuento Semanal,
_c1911.
300 _a20 p. :
_bil. ;
_c26 cm.
490 1 _aEl cuento semanal ;
_v217
700 0 _aAgustín,
_dca. 1878-1935
_9171519
830 0 3 _aEl cuento semanal
_v217
_9185957
852 _aES-MaACL
_jG-4447(8)
999 _c115155
_d115155